Obras de Ludovico Blosio (Record no. 10778)
[ view plain ]
| 000 -CABECERA | |
|---|---|
| campo de control de longitud fija | 02574nam a22003257a 4500 |
| 001 - NÚMERO DE CONTROL | |
| campo de control | BRCA_9303 |
| 003 - IDENTIFICADOR DEL NÚMERO DE CONTROL | |
| campo de control | FranzMayer |
| 005 - FECHA Y HORA DE LA ÚLTIMA TRANSACCIÓN | |
| campo de control | 20230809144108.0 |
| 008 - DATOS DE LONGITUD FIJA--INFORMACIÓN GENERAL | |
| campo de control de longitud fija | 190828b ||||| |||| 00| 0 spa d |
| 040 ## - FUENTE DE LA CATALOGACIÓN | |
| Centro/agencia transcriptor | MFM |
| Centro catalogador/agencia de origen | MFM |
| Lengua de catalogación | español |
| 050 #0 - SIGNATURA TOPOGRÁFICA DE LA BIBLIOTECA DEL CONGRESO | |
| Número de clasificación | BL625 |
| Número de documento/Ítem | .B56 1605 (13-56) |
| 100 1# - ENTRADA PRINCIPAL--NOMBRE DE PERSONA | |
| Nombre de persona | Blosio, Ludovico |
| 9 (RLIN) | 28340 |
| 240 ## - TÍTULO UNIFORME | |
| Título uniforme | Obras de Ludovico Blosio |
| Medio | Abad de la Orden de San Benito |
| Lenguaje de la obra | español |
| 245 0# - MENCIÓN DE TÍTULO | |
| Título | Obras de Ludovico Blosio |
| Resto del título | Abad de la Orden de San Benito |
| 260 ## - PUBLICACIÓN, DISTRIBUCIÓN, ETC. | |
| Lugar de publicación, distribución, etc. | Madrid |
| Nombre del editor, distribuidor, etc. | En casa de Juan de la Cuesta |
| Fecha de publicación, distribución, etc. | 1605 |
| 300 ## - DESCRIPCIÓN FÍSICA | |
| Extensión | 771 p. |
| Dimensiones | 28 x 22 cm. |
| 500 ## - NOTA GENERAL | |
| Nota general | Incluye tabla de los lugares de la sagrada escritura, que se declaran en las obras de Blosio o se traen con alguna particularidad y tabla de los materiales y lugares comunes que se hallan en las obras de Lodovico Blosio |
| 500 ## - NOTA GENERAL | |
| Nota general | Estado físico: en mal estado. Se encuentra en el Área de Restauración. Encuadernación en pergamino. |
| 500 ## - NOTA GENERAL | |
| Nota general | Al material le falta la caratula |
| 500 ## - NOTA GENERAL | |
| Nota general | 13-59 |
| 500 ## - NOTA GENERAL | |
| Nota general | Fondo antiguo |
| 500 ## - NOTA GENERAL | |
| Nota general | Ejemplar se encuentra en caja fuerte |
| 500 ## - NOTA GENERAL | |
| Nota general | Se incluyen las siguientes obras: Reglas de la vida espiritual/Espejo espiritual/Soy el espiritual de revelaciones/Cofrezito espiritual de oraciones, y de otras cosas devotas/Corona de la virgen santisima, con la vida de Cristo nuestro redentor/Tesoro de oraciones devotas/Manual de los humildes, dos libros/Recreación del alma,quatro libros/Colirio de los herejes, dos libros/Comparacion entre el rey y el monje/Consuelo de pusilamines/Coloquio de la muerte entre Cristo y el alma cristiana/Institucion espiritual/Exercicios de oraciones devotas/Breve regla para comenzar la vida espiritual/Exercicios de la passion de Cristo nuestro señor/Exercicios quotidianos/Documentos para alcanzar la perfección de la vida/Margarita espiritual/Explicacion de la passion de Cristo nuestro redentor/Del inmenso amor de Dios para con los hombres/Sumario de instituciones espirituales/Articulos para meditar la vida de Cristo/Yesca del diurno amor/Psalmodia breve/Tabla espiritual/Dichos de los padres/Antorchas para alumbrar los herejes/Espejos de los monjes |
| 501 ## - NOTA DE "CON" | |
| Nota de “Con” | Fondo reservado: para su consulta es necesaria credencial de usuario y carta de motivos. |
| 505 ## - NOTA DE CONTENIDO CON FORMATO | |
| Nota de contenido con formato | Texto en: españolTraducido del: latínDirigido a: clericós, obispos o cualquier otra persona perteneciente a la iglesia católica |
| 650 1# - PUNTO DE ACCESO ADICIONAL DE MATERIA--TÉRMINO DE MATERIA | |
| Fuente del encabezamiento o término | Religión |
| Término de materia o nombre geográfico como elemento de entrada | Mitología |
| Subdivisión de forma | Racionalismo |
| 9 (RLIN) | 28995 |
| 651 2# - PUNTO DE ACCESO ADICIONAL DE MATERIA--NOMBRE GEOGRÁFICO | |
| Fuente del encabezamiento o término | Vida religiosa |
| Nombre geográfico | Ascetismo |
| Subdivisión de forma | Miticismo |
| 9 (RLIN) | 28996 |
| 700 ## - PUNTO DE ACCESO ADICIONAL--NOMBRE DE PERSONA | |
| Nombre de persona | Alfaro, Gregorio de |
| Término indicativo de función/relación | tr. |
| 9 (RLIN) | 28341 |
| 942 ## - ELEMENTOS DE PUNTO DE ACCESO ADICIONAL (KOHA) | |
| Fuente del sistema de clasificación o colocación | Library of Congress Classification |
| Tipo de ítem Koha | Libros |
| Estado de retiro | Estado de pérdida | Fuente del sistema de clasificación o colocación | Estado dañado | Restricciones de uso | No para préstamo | Código de colección | Localización permanente | Ubicación/localización actual | Fecha de adquisición | Fuente de adquisición | Total de préstamos | Signatura topográfica completa | Código de barras | Fecha visto por última vez | Precio válido a partir de | Tipo de ítem Koha |
|---|---|---|---|---|---|---|---|---|---|---|---|---|---|---|---|---|
| El ejemplar forma parte de la colección y puede ser consultado según las políticas vigentes. | Library of Congress Classification | Dañado | Consulta para usuarios con credencial vigente. | Libros Antiguos y Raros | Biblioteca del Museo Franz Mayer (Rogerio Casas-Alatriste) | Biblioteca del Museo Franz Mayer (Rogerio Casas-Alatriste) | 28/08/2018 | Donación | BL625 .B56 1605 (13-56) | LAR00189 | 09/08/2023 | 09/08/2023 | Libros |